000 00638nam a2200205Ia 4500
005 20241009143346.0
008 210716s2003 xx 000 0 und d
040 _cAIMIT LIBRARY
041 _aeng
082 _a382.6
_21
_bBALT
100 _aBalagopal, T A S.
_9181967
245 _aExport management /
_cBy T A S Balagopal.
250 _a1st ed.
260 _aMumbai :
_bHimalaya Publishing House ,
_c2003.
300 _aix,314p. ;
_bPB
_c22.7 cm
650 _aInternational marketing
_9181968
650 _aInternational trade economy and exports
_9181969
650 _aExport finance.
_9181970
942 _2ddc
_cBK
_e1st
_k382.6 BALT
999 _c197751
_d197751